01172nam a2200265Ia 4500001000600000003000900006008004100015040001300056040001300069041001300082100002000095100002900115245003400144245007100178250001100249260001200260260001600272260004900288300005900337500041300396650002600809650003100835700001100866700002900877H2472IT-RoPAU130308s9999 xx 000 0 und d aIT-RoPAU cIT-RoPAU aITALIANO aHibberd Matthew gCodice Aut. SPICS: 55515 aConfronto internazionale (Il) bRadio (La). Percorsi e territori di un medium mobile e Interattivo a1a ed. aBOLOGNA bBaskerville c2002 [1° Ed.:2002 - Ed.Ling.Originale:2002] a"76 p. (prefazione: no ; testo: 76 [pagine: 429-504])" aIl Sistema radiofonico in gran Bretagna: Identità€ e Prossimità€ di M. Hibberd. La Radio in Germania: Tecnologie, Regolamentazione, Mercati, programmi di H.J. Kleinsteuber. Il programma radiofonico spagnolo nel ventunesimo Secolo di R. Franquet. Storia Sociale della Radio in Svizzera: Risultati e Approccio di T. Maeusli. La Radio in Russia, 1990 2000: Protagonista o Strumento? di L. Trautmann Grishenko. aTEORICHE RADIOFONICHE eCodice materia Spics: 6905 aAA.VV. gCodice Aut. SPICS: 12000